| 000 | 00932nam a2200205 a 4500 | ||
|---|---|---|---|
| 008 | 120925s2003 ||||||||||||||||| || u | ||
| 020 | _a1919913254 | ||
| 050 | _aJX 2720 Our | ||
| 100 | _aCawthra, Gavin | ||
| 245 | 1 | 0 |
_aOurselves to know: civil-military relations and defence transformation in Southern Africa _cedited by Rocky Williams, Gavin Cawthra and Diane Abrahams |
| 260 |
_aPretoria: _bInstitute for Security Studies (ISS) _c2003 |
||
| 300 | _aviii, 282p.: ill. | ||
| 500 | _aincludes Bibliography | ||
| 650 | _aINSTITUTE FOR SOCIETY STUDIES (SOUTH AFRICA) AFRICAN CIVIL-MILITARY RELATIONS PROGRAMME | ||
| 650 | _aCIVIL-MILITARY RELATIONS--AFRICA, SOUTHERN | ||
| 650 | _aAFRICA, SOUTHERN--ARMED FORCES | ||
| 700 | _aWilliams, Rocky | ||
| 700 | _aAbrahams, Diane | ||
| 995 |
_aSPECIAL COLLECTIONS _e500102 _FCBU-DAG HAMMARSKJOLD INSTITUTE LIBRARY _jDAG JX 2720 Our _M1 _UAVAILABLE _WOct 25, 2012 _y500102 _ZDHIPS Book Collection |
||
| 999 |
_c402 _d402 |
||